World economic outlook. April 2002 recession and recoveries

Gespeichert in:
Bibliographische Detailangaben
Format: Buch
Sprache:Englisch
Veröffentlicht: Washington International Monetary Fund 2002
Schriftenreihe:World economic and financial surveys
Schlagworte:
Tags: Tag hinzufügen
Keine Tags, Fügen Sie das erste Tag hinzu!

MARC

LEADER 00000nam a2200000 4500
001 c136996
005 20221221092028.0
020 |a 1-58906-107-1 
022 |a 0258-7440 
041 0 |a eng 
044 |a US 
245 1 0 |a World economic outlook. April 2002  |b recession and recoveries 
264 1 |a Washington  |b International Monetary Fund  |c 2002 
300 |a 237 s. 
490 1 |a World economic and financial surveys 
830 0 |a World economic and financial surveys 
610 2 0 |a situácia hospodárska 
610 2 0 |a politika hospodárska 
610 2 0 |a cykly obchodné 
610 2 0 |a krajiny rozvojové 
610 2 0 |a krajiny vyspelé 
610 2 0 |a financie 
610 2 0 |a kapitál 
610 2 0 |a údaje štatistické 
610 2 0 |a inflácia 
610 2 0 |a politika finančná 
610 2 0 |a obchod zahraničný 
610 2 0 |a porovnanie štatistické medzinárodné 
610 2 0 |a svet 
610 2 0 |a apríl 
610 2 0 |a 2002 
610 2 0 |a Medzinárodný menový fond 
610 2 0 |a recesia 
610 2 0 |a cykly hospodárske 
610 2 0 |a oživenie